• 首页
  • 本馆介绍
  • 公告通知
  • 最新文献
  • 馆藏检索
  • 电子资源
  • 读者导购
  • 参考咨询
  • 我的图书馆
  • 登录
  • 详细信息显示
  • 放入我的书架
  • 预约/预借图书
  • 作者相关作品
  • 分类相关作品
  • 丛书相关作品
  • 出版社相关作品

书目信息

  • 表格格式
  • 工作单格式
  • 卡片格式
题名:
《共产党宣言》这样学
    
 
作者: 孙熙国 , 张梧 主编 ;韩致宁 著
分册:  
出版信息: 北京   研究出版社  2022.04
页数: 98页
开本: 19cm
丛书名:
单 册:
中图分类: A811.22
科图分类:
主题词: 马恩著作--学习 , 马恩著作研究
电子资源:
ISBN: 7-5199-1185-3
000 00716nam0 2200217 450
001 2234270027
005 20220907093228.38
010    @a7-5199-1185-3@dCNY28.00
100    @a20220907d2022 km y0chiy0120 ea
101 0  @achi
200 1  @a《共产党宣言》这样学@A《Gong Chan Dang Xuan Yan》Zhe Yang Xue@f孙熙国,张梧主编@FSun Xi Guo,Zhang Wu Zhu Bian@g韩致宁著@GHan Zhi Ning Zhu
210    @a北京@c研究出版社@d2022.04
215    @a98页@d19cm
606 0  @a马恩著作@x学习
606 0  @a马恩著作研究
690    @aA811.22@v4
701  0 @a孙熙国@ASun Xi Guo@4主编
701  0 @a张梧@AZhang Wu@4主编
702  0 @a韩致宁@AHan Zhi Ning@4著
801  0 @aCN@b大连网信软件有限公司图书馆·11@c20220907
905    @aZUCC@dA811.22@e394
    
    《共产党宣言》这样学/孙熙国,张梧主编/韩致宁著.-北京:研究出版社,2022.04
    98页;19cm
    
    
    ISBN 7-5199-1185-3:CNY28.00
    
●
相关链接 在E读中查询图书 在五车中查询图书 在当当中查询图书 在豆瓣中查询图书


正题名:《共产党宣言》这样学     索取号:A811.22/394         预约/预借

序号 登录号 条形码 馆藏地/架位号 状态 备注
1 1056685   210566859   第一样本阅览室/ [索取号:A811.22/394] 在馆    
唐山师范学院图书馆 欢迎您!
大连网信软件有限公司© 版权所有